| 000 | 01576nam0a2200313 4500 | ||
|---|---|---|---|
| 001 | RU\NLR\bibl\93469 | ||
| 005 | 20260405082244.0 | ||
| 021 |
_aRU _b2000-18945 _9892 |
||
| 035 | _a(NLR Aleph) 000091337 | ||
| 090 |
_a512555 _c512555 |
||
| 100 | _a20000621d1999 |||y0rusy50 ca | ||
| 101 | 0 | _arus | |
| 102 | _aRU | ||
| 105 | _ay ||||||||| | ||
| 200 | 1 |
_aВопросы выезда и пребывания российских граждан за границей _eУчеб. пособие _fЮ.М. Смирнов _gДипломат. акад. МИД России. Каф. дипломат. и консул. службы |
|
| 210 |
_aМ. _cНауч. кн. _d1999 |
||
| 215 |
_a45 с. _d21 |
||
| 320 | _aБиблиогр.: с. 40-41 (25 назв.) и в подстроч. прим. | ||
| 606 |
_aВъезд в страну и выезд за границу _jРуководства, пособия и т.п. _yРоссийская Федерация _92117132 _3RU\NLR\auth\661278857 |
||
| 606 | 0 |
_aВъезд в страну и выезд за границу _jУчебные издания для высших учебных заведений _yРоссийская Федерация _92117132 _3RU\NLR\auth\661278857 |
|
| 686 | _aХ621.163.12я7 | ||
| 700 | 1 |
_4070 _8rus _7ca _aСмирнов _bЮ.М. _cканд. юрид. наук _f1938- _gЮрий Михайлович _3RU\NLR\AUTH\7728962 _911991 |
|
| 801 | 0 |
_aRU _bNLR _c20000621 _gPSBO |
|
| 801 | 1 |
_aRU _bNLR _c20000621 |
|
| 852 |
_aNLR _j2000-6/148 |
||
| 942 | _cBOOK | ||
| 980 | _aNB | ||